| 000 | 01026cab a2200289 4500 | ||
|---|---|---|---|
| 001 | WB3214-19 | ||
| 008 | 090401t1996 xxu||||| |||| 00| 0 eng d | ||
| 035 | _a(Sirsi) u64698 | ||
| 041 | _aeng | ||
| 245 | _aObstruction of road | ||
| 260 | _c1996 | ||
| 350 | _a0 | ||
| 490 |
_aEstates Gazette Case Summaries _v[1996] EGCS 54(1) (30/3/96) |
||
| 520 | _a"Great House of Sonning and others v Berkshire CC", CA 14 March 1996. Highway authority stopping up road for limited period, as part of a traffic calming scheme. Plaintiffs` application for injunction at first granted. B appealed that action an abuse of process. Appeal allowed. | ||
| 650 | _aACCESS | ||
| 650 | _aHIGHWAY AUTHORITY | ||
| 650 | _aOBSTRUCTION | ||
| 650 | _aPUBLIC LAW CLAIM | ||
| 650 | _aROAD CLOSURE | ||
| 650 | _aROAD CONSTRUCTION SCHEME | ||
| 650 | _aROAD TRAFFIC REGULATION ACT 1984 | ||
| 650 | _aROADWORKS | ||
| 650 | _aTRAFFIC CALMING SCHEME | ||
| 690 | _aHIGHWAYS AND RIGHTS OF WAY-CASE LAW | ||
| 942 | _n0 | ||
| 948 | _c04/03/1997 | ||
| 999 |
_c40307 _d40307 |
||